LEADER 00919cam0 2200265 450 001 E600200071280 005 20210909084122.0 100 $a20110204d1989 |||||ita|0103 ba 101 $afre 102 $aFR 200 1 $aGustave Flaubert$fHerbert R. Lottman$gpréface de Jean Bruneau$gtraduit de l'anglais (États-Unis) par Marianne Véron 210 $aParis$cFayard$d1989 215 $a579 p.$d24 cm 700 1$aLottman$b, Herbert R.$3A600200043592$4070$0245115 702 1$aBruneau, Jean$3A600200046012$4070 702 1$aVéron, Marianne$3A600200061760$4070 801 0$aIT$bUNISOB$c20210909$gRICA 850 $aUNISOB 852 $aUNISOB$j840$m55570 912 $aE600200071280 940 $aM 102 Monografia moderna SBN 941 $aM 957 $a840$b000824$gSi$d55570$racquisto$1cutolo$2UNISOB$3UNISOB$420110204090617.0$520151022112433.0$6Alfano 996 $aGustave Flaubert$91701231 997 $aUNISOB